[Event "CAN-ch U20 1996-97"]
[Site "Edmonton CAN"]
[Date "1997.01.02"]
[Round "11"]
[White "Dutton, Warren"]
[Black "Henson, Joshua"]
[Result "1-0"]
[WhiteElo "2006"]
[BlackElo "1873"]
[PlyCount "129"]
[EventDate "1996.12.27"]
[EventType "tourn"]
[EventRounds "11"]
[EventCountry "CAN"]

1. e4 c5 2. Nc3 Nc6 3. f4 g6 4. g3 Bg7 5. Bg2 d6 6. d3 e6 7. Nge2 Nge7 8. O-O
O-O 9. g4 f5 10. Ng3 Nd4 11. gxf5 exf5 12. Nce2 Rb8 13. c3 Nxe2+ 14. Qxe2 Qc7
15. Be3 Be6 16. Bf2 Rbe8 17. Qd2 Bc8 18. d4 fxe4 19. Nxe4 b6 20. Rae1 Ba6 21.
Ng5 Bxf1 22. Bxf1 Rf6 23. Bc4+ Kh8 24. Nf7+ Rxf7 25. Bxf7 Rf8 26. Bb3 Nf5 27.
dxc5 dxc5 28. Bc2 Rd8 29. Qc1 Rf8 30. Bxf5 Rxf5 31. Re8+ Rf8 32. Rxf8+ Bxf8 33.
Qe3 Qe7 34. Qf3 Qf7 35. b3 Bh6 36. Bg3 Kg8 37. Qe4 Qd7 38. Qf3 Qf7 39. c4 Kf8
40. Kg2 Qe7 41. f5 gxf5 42. Qxf5+ Kg8 43. Qc8+ Bf8 44. Qg4+ Kf7 45. Qh5+ Kg8
46. Qd5+ Kg7 47. Be5+ Kh6 48. Qc6+ Kh5 49. Qf3+ Kg6 50. Qe4+ Kh5 51. Qf5+ Qg5+
52. Qxg5+ Kxg5 53. a4 Be7 54. Bb8 Bd8 55. Kf3 a5 56. Ke4 Kf6 57. Kd5 Ke7 58.
Kc6 Ke6 59. Ba7 h5 60. Bxb6 Bxb6 61. Kxb6 Kf5 62. Kxa5 Kg4 63. Kb6 Kh3 64. a5
Kxh2 65. a6 1-0

[Event "CAN-ch U20 1996-97"]
[Site "Edmonton CAN"]
[Date "1997.01.02"]
[Round "11"]
[White "Goldenberg, Danny"]
[Black "Lou Meng"]
[Result "1/2-1/2"]
[WhiteElo "2355"]
[BlackElo "2274"]
[PlyCount "127"]
[EventDate "1996.12.27"]
[EventType "tourn"]
[EventRounds "11"]
[EventCountry "CAN"]

1. d4 d5 2. e4 dxe4 3. Nc3 Nf6 4. Bg5 Nbd7 5. Nge2 h6 6. Bf4 e6 7. a3 Bd6 8.
Qd2 Nb6 9. Ng3 Bxf4 10. Qxf4 Nbd5 11. Qd2 Nxc3 12. Qxc3 O-O 13. Qe3 Qd5 14. Be2
e5 15. Rd1 Re8 16. O-O exd4 17. Rxd4 Qe5 18. Re1 b6 19. Bd3 Bb7 20. Nxe4 Bxe4
21. f4 Qc5 22. b4 Bxd3 23. bxc5 Rxe3 24. Rxe3 Bxc2 25. cxb6 cxb6 26. Rc3 Bf5
27. Rc7 Be6 28. Ra4 a5 29. Rd4 b5 30. Rb7 Bc4 31. a4 Bd5 32. Rxb5 Bc6 33. Rc5
Be8 34. h3 Kf8 35. Rc7 Ra6 36. g4 Rc6 37. Rxc6 Bxc6 38. Rc4 Bd7 39. Rc5 Bxa4
40. Rxa5 Bd7 41. Re5 g6 42. Kg2 h5 43. g5 Ne8 44. Kg3 Nd6 45. Kh2 Be6 46. Ra5
Ne4 47. Kg2 Ke7 48. Ra6 Nc5 49. Ra5 Nd3 50. Kg3 h4+ 51. Kxh4 Nxf4 52. Ra7+ Kd6
53. Ra6+ Kc5 54. Ra5+ Kd6 55. Ra6+ Ke7 56. Ra7+ Kd8 57. Ra8+ Kc7 58. Ra7+ Kb6
59. Ra1 Nxh3 60. Rf1 Kc5 61. Rc1+ Kd5 62. Rd1+ Ke4 63. Rf1 Nf4 64. Rxf4+
1/2-1/2

[Event "CAN-ch U20 1996-97"]
[Site "Edmonton CAN"]
[Date "1997.01.02"]
[Round "11"]
[White "Gulati, Justin"]
[Black "Hua, Lefong"]
[Result "0-1"]
[WhiteElo "2004"]
[BlackElo "2248"]
[PlyCount "58"]
[EventDate "1996.12.27"]
[EventType "tourn"]
[EventRounds "11"]
[EventCountry "CAN"]

1. e4 c5 2. Nc3 Nc6 3. g3 g6 4. Bg2 Bg7 5. d3 d6 6. Be3 e6 7. Qd2 Nd4 8. Nce2
Nxe2 9. Nxe2 Bxb2 10. Rb1 Bg7 11. O-O Ne7 12. d4 Qc7 13. Nc3 Bd7 14. e5 d5 15.
Nb5 Bxb5 16. Rxb5 cxd4 17. Bxd4 b6 18. Qb4 Nc6 19. Qb2 Nxd4 20. Qxd4 Bxe5 21.
Qh4 Rc8 22. Re1 O-O 23. Rb3 Bg7 24. g4 Qxc2 25. g5 Rc4 26. f4 Bd4+ 27. Kh1 Bf2
28. Qh6 Bxe1 29. Rh3 Bh4 0-1

[Event "CAN-ch U20 1996-97"]
[Site "Edmonton CAN"]
[Date "1997.01.02"]
[Round "11"]
[White "Ho, Andrew"]
[Black "Wu, Douglas"]
[Result "1-0"]
[WhiteElo "2277"]
[BlackElo "2001"]
[PlyCount "71"]
[EventDate "1996.12.27"]
[EventType "tourn"]
[EventRounds "11"]
[EventCountry "CAN"]

1. d4 Nf6 2. c4 g6 3. Nc3 Bg7 4. e4 d6 5. Be2 O-O 6. Nf3 Nbd7 7. O-O e5 8. Re1
c6 9. Bf1 a5 10. b3 Ne8 11. Bb2 Nc7 12. Ba3 exd4 13. Nxd4 Nc5 14. Bc1 Qf6 15.
Be3 Re8 16. f3 d5 17. cxd5 cxd5 18. Ndb5 Nxb5 19. Bxb5 Qxc3 20. Rc1 Qb4 21.
Bxe8 d4 22. Rc4 Qb6 23. Bxd4 Qe6 24. Bxg7 Kxg7 25. Qd4+ Kh6 26. Bxf7 Qxf7 27.
Rxc5 Be6 28. Rec1 Re8 29. Rxa5 Qf4 30. Rac5 Ra8 31. R1c2 Qh4 32. g3 Qe7 33. Rc7
Qf8 34. Qe3+ g5 35. R7c5 Qf6 36. Qc3 1-0

[Event "CAN-ch U20 1996-97"]
[Site "Edmonton CAN"]
[Date "1997.01.02"]
[Round "11"]
[White "Marshall, Peter"]
[Black "McLean, Nathan"]
[Result "0-1"]
[WhiteElo "2231"]
[BlackElo "2012"]
[PlyCount "94"]
[EventDate "1996.12.27"]
[EventType "tourn"]
[EventRounds "11"]
[EventCountry "CAN"]

1. d4 Nf6 2. c4 e5 3. dxe5 Ng4 4. Nf3 Bc5 5. e3 Nc6 6. Be2 O-O 7. O-O Ngxe5 8.
Nc3 d6 9. a3 a5 10. b3 Re8 11. Bb2 Re6 12. Ne4 Nxf3+ 13. Bxf3 Rh6 14. g3 Bb6
15. Qd2 Bf5 16. Rfd1 Qd7 17. c5 Bxe4 18. Bxe4 Bxc5 19. Bxg7 Kxg7 20. Qc3+ Kg8
21. Qxc5 Qh3 22. Qg5+ Kf8 23. Rac1 Qxh2+ 24. Kf1 Qh5 25. Qxh5 Rxh5 26. Bxc6
bxc6 27. Rxc6 Rh1+ 28. Ke2 Rxd1 29. Kxd1 Ra7 30. Ke2 Ke7 31. Kf3 Kd7 32. Rc3
Ke6 33. Kg4 c5 34. e4 a4 35. Kf4 axb3 36. Rxb3 Ra4 37. Ke3 f5 38. exf5+ Kxf5
39. Rd3 Ke6 40. Kd2 d5 41. Kc2 c4 42. Re3+ Kd6 43. f4 d4 44. Rf3 Kd5 45. f5 d3+
46. Kd1 Rxa3 47. f6 Kd4 0-1

[Event "CAN-ch qual."]
[Site "Winnipeg CAN"]
[Date "1996.??.??"]
[Round "?"]
[White "Sasata, Robert"]
[Black "Baragar, Fletcher"]
[Result "0-1"]
[WhiteElo "2309"]
[BlackElo "2349"]
[PlyCount "46"]
[EventDate "1996.??.??"]
[EventType "match"]
[EventCountry "CAN"]

1. e4 e6 2. d4 d5 3. Nd2 a6 4. Ngf3 c5 5. dxc5 Bxc5 6. Nb3 Ba7 7. exd5 exd5 8.
Be2 Nf6 9. O-O O-O 10. Bg5 Nc6 11. c3 Re8 12. Bh4 Bg4 13. Re1 Qd6 14. Nbd4 Ne4
15. Bg3 Nxg3 16. hxg3 Bxf3 17. gxf3 Bxd4 18. cxd4 Qb4 19. Bf1 Nxd4 20. Bg2 Qxb2
21. Qa4 b5 22. Qa5 Ne2+ 23. Kh2 Qd4 0-1

[Event "CAN-ch w"]
[Site "Toronto CAN"]
[Date "1996.08.17"]
[Round "1"]
[White "Charest, Johanne"]
[Black "Mongeau, Diane"]
[Result "1/2-1/2"]
[WhiteElo "1964"]
[BlackElo "1941"]
[PlyCount "57"]
[EventDate "1996.08.17"]
[EventType "tourn"]
[EventRounds "9"]
[EventCountry "CAN"]

1. e4 c5 2. Nc3 Nc6 3. g3 b6 4. Bg2 Bb7 5. d3 g6 6. Be3 Bg7 7. Qd2 e6 8. Nge2
Nge7 9. Bh6 O-O 10. h4 f6 11. g4 Rf7 12. e5 fxe5 13. h5 d5 14. hxg6 Nxg6 15.
Bxg7 Rxg7 16. Qh6 Nd4 17. O-O-O Qf8 18. f3 Rc8 19. Rdf1 Nf4 20. Nxf4 exf4 21.
Re1 Rcc7 22. Ne2 Nxe2+ 23. Rxe2 Rg6 24. Qh5 Qf6 25. Qe5 Qxe5 26. Rxe5 Bc8 27.
Rh4 Rcg7 28. Bh3 Rg5 29. Rh5 1/2-1/2

[Event "CAN-ch w"]
[Site "Toronto CAN"]
[Date "1996.08.17"]
[Round "1"]
[White "Chu, Stefanie"]
[Black "Wu, Beatrice"]
[Result "1-0"]
[WhiteElo "1990"]
[BlackElo "1895"]
[PlyCount "71"]
[EventDate "1996.08.17"]
[EventType "tourn"]
[EventRounds "9"]
[EventCountry "CAN"]
[Source "ChessBase"]
[SourceDate "2000.11.22"]

1. e4 c5 2. Nf3 d6 3. d4 cxd4 4. Qxd4 Nc6 5. Bb5 Bd7 6. Bxc6 Bxc6 7. Nc3 Nf6 8.
Bg5 Qa5 9. O-O-O Qc5 10. Qxc5 dxc5 11. Rhe1 h6 12. Bh4 e6 13. Ne5 Rc8 14. Nxc6
Rxc6 15. e5 Nd7 16. Nb5 a6 17. Rxd7 Kxd7 18. Rd1+ Bd6 19. Nxd6 Kc7 20. Nxf7 Rf8
21. Nd8 Rb6 22. Be7 Re8 23. Bd6+ Rxd6 24. Rxd6 Rxd8 25. Rxd8 Kxd8 26. Kd2 Kd7
27. Ke3 b5 28. Ke4 Kc6 29. f4 g6 30. g4 Kd7 31. f5 gxf5+ 32. gxf5 Ke7 33. f6+
Kf7 34. c3 a5 35. a4 b4 36. cxb4 1-0

[Event "CAN-ch w"]
[Site "Toronto CAN"]
[Date "1996.08.17"]
[Round "1"]
[White "Khoudgarian, Natalia"]
[Black "Baltgailis, Vesma"]
[Result "0-1"]
[WhiteElo "2231"]
[BlackElo "2005"]
[PlyCount "69"]
[EventDate "1996.08.17"]
[EventType "tourn"]
[EventRounds "9"]
[EventCountry "CAN"]
[Source "ChessBase"]
[SourceDate "2000.11.22"]

1. e4 c5 2. Nf3 g6 3. c3 Bg7 4. d4 cxd4 5. cxd4 d5 6. e5 Bg4 7. Nc3 Nc6 8. Be2
e6 9. O-O Nge7 10. Be3 Bxf3 11. Bxf3 Nf5 12. Qd2 O-O 13. Rad1 a6 14. Na4 h5 15.
Rfe1 Nxe3 16. Qxe3 Na5 17. Be2 b6 18. a3 Nb7 19. Rc1 b5 20. Nc5 Nxc5 21. Rxc5
Kh7 22. Rec1 Ra7 23. R1c3 Qe7 24. b4 Rd8 25. Qc1 Rdd7 26. Qc2 Qh4 27. Rh3 Qxd4
28. Rxh5+ Bh6 29. Rc8 Kg7 30. Rxh6 Kxh6 31. Qc1+ Kg7 32. Qg5 f6 33. Qxf6+ Kh7
34. g4 Rg7 35. g5 0-1

[Event "CAN-ch w"]
[Site "Toronto CAN"]
[Date "1996.08.17"]
[Round "1"]
[White "Starr (Shterenberg), Nava"]
[Black "Apostolov, Penka"]
[Result "1-0"]
[WhiteElo "2210"]
[BlackElo "1990"]
[PlyCount "105"]
[EventDate "1996.08.17"]
[EventType "tourn"]
[EventRounds "9"]
[EventCountry "CAN"]
[Source "ChessBase"]
[SourceDate "2000.11.22"]

1. e4 c5 2. c3 d5 3. exd5 Qxd5 4. d4 e6 5. Nf3 Nf6 6. Na3 cxd4 7. Nb5 Qd8 8.
Qxd4 Qxd4 9. Nfxd4 Na6 10. Bf4 Bc5 11. Bd6 Ne4 12. Bxc5 Nexc5 13. Nd6+ Ke7 14.
N4b5 Nd7 15. b4 Nb6 16. O-O-O Nd5 17. a3 Nac7 18. c4 Nxb5 19. Nxb5 Nf6 20. Bd3
Bd7 21. Nc3 Rac8 22. Rhe1 b6 23. f3 Rhd8 24. Kb2 Bc6 25. Kb3 h6 26. Bf1 g5 27.
h3 Nh5 28. a4 Ng3 29. Bd3 Rd4 30. Bc2 Rcd8 31. b5 Bb7 32. a5 bxa5 33. c5 Rd2
34. c6 Bc8 35. Ra1 Rxg2 36. Rxa5 a6 37. b6 Kd6 38. Rd1+ Ke7 39. Rxd8 Kxd8 40.
b7 Bxb7 41. cxb7 Kc7 42. Rxa6 Kxb7 43. Rd6 Kc8 44. Bd3 Nf5 45. Ba6+ Kb8 46. Rd7
e5 47. Rxf7 Nd4+ 48. Kc4 Rg3 49. Nb5 Nxb5 50. Kxb5 e4 51. fxe4 Rxh3 52. Kb6
Rb3+ 53. Bb5 1-0

[Event "CAN-ch w"]
[Site "Toronto CAN"]
[Date "1996.08.17"]
[Round "1"]
[White "Vujosevic, Smilja"]
[Black "Walker, Erin"]
[Result "1-0"]
[WhiteElo "2065"]
[BlackElo "1547"]
[PlyCount "31"]
[EventDate "1996.08.17"]
[EventType "tourn"]
[EventRounds "9"]
[EventCountry "CAN"]
[Source "ChessBase"]
[SourceDate "2000.11.22"]

1. d4 d5 2. Bf4 Nf6 3. e3 Bf5 4. Bb5+ Nbd7 5. c3 e6 6. Nd2 a6 7. Ba4 b5 8. Bc2
Bxc2 9. Qxc2 c5 10. Ngf3 c4 11. O-O Be7 12. e4 Nb6 13. h3 h6 14. Ne5 Rc8 15.
Rfe1 Rc7 16. exd5 1-0

[Event "CAN-ch w"]
[Site "Toronto CAN"]
[Date "1996.08.18"]
[Round "2"]
[White "Apostolov, Penka"]
[Black "Charest, Johanne"]
[Result "1/2-1/2"]
[WhiteElo "1990"]
[BlackElo "1964"]
[PlyCount "85"]
[EventDate "1996.08.17"]
[EventType "tourn"]
[EventRounds "9"]
[EventCountry "CAN"]

1. d4 d5 2. Nf3 c5 3. c4 e6 4. cxd5 exd5 5. Nc3 cxd4 6. Nxd4 Nc6 7. g3 Nf6 8.
Bg2 Be6 9. O-O Be7 10. Bg5 Qb6 11. Nxc6 bxc6 12. Na4 Qb5 13. Qc2 h6 14. Be3 O-O
15. Nc5 Bg4 16. f3 Bf5 17. Qxf5 Bxc5 18. Bxc5 Qxc5+ 19. Kh1 Qe3 20. Qc2 Rfe8
21. Rfe1 Rac8 22. Rac1 c5 23. Qd3 c4 24. Qxe3 Rxe3 25. Bf1 Rb8 26. Rc2 a5 27.
Rd1 a4 28. Kg2 a3 29. bxa3 Ra8 30. Kf2 Rexa3 31. e4 Rxa2 32. Rdd2 Rxc2 33. Rxc2
dxe4 34. Bxc4 exf3 35. Kxf3 Ra7 36. Bd3 g6 37. Bc4 Kg7 38. Ba2 g5 39. Rb2 Ra3+
40. Kg2 Rc3 41. Rf2 h5 42. h3 Ra3 43. Bc4 1/2-1/2

[Event "CAN-ch w"]
[Site "Toronto CAN"]
[Date "1996.08.18"]
[Round "2"]
[White "Chu, Stefanie"]
[Black "Vujosevic, Smilja"]
[Result "1-0"]
[WhiteElo "1990"]
[BlackElo "2065"]
[PlyCount "131"]
[EventDate "1996.08.17"]
[EventType "tourn"]
[EventRounds "9"]
[EventCountry "CAN"]
[Source "ChessBase"]
[SourceDate "2000.11.22"]

1. e4 c5 2. Nf3 e6 3. d4 cxd4 4. Nxd4 Nf6 5. Nc3 a6 6. Be3 d6 7. Be2 Be7 8. Qd2
Qc7 9. f4 Nc6 10. Bf3 Bd7 11. O-O-O Nxd4 12. Bxd4 Bc6 13. Qe3 Rg8 14. e5 dxe5
15. Bxe5 Qa5 16. Rhe1 Nd7 17. Bd4 Bf6 18. g4 Bxd4 19. Rxd4 O-O-O 20. Bxc6 bxc6
21. Rd6 Nb8 22. Red1 Rxd6 23. Rxd6 Rd8 24. Qd4 Rxd6 25. Qxd6 Qd8 26. Qxd8+ Kxd8
27. Kd2 Ke7 28. Kd3 Nd7 29. Kd4 f6 30. Na4 Kd6 31. c4 c5+ 32. Ke4 e5 33. Nc3
exf4 34. Kxf4 Ne5 35. b3 Nd7 36. Ne4+ Ke6 37. Nc3 g6 38. Nd5 Kd6 39. Nc3 Ke6
40. Nd5 a5 41. Ne3 Nb6 42. Ke4 a4 43. bxa4 Nxa4 44. Nd5 Nb2 45. Nb6 f5+ 46.
gxf5+ gxf5+ 47. Kf4 Nd3+ 48. Ke3 Nb4 49. a4 Nc6 50. Kf4 Na5 51. Kg5 Nb3 52. Kf4
h6 53. Nd5 Na5 54. Ne3 h5 55. Nxf5 Nxc4 56. Ng7+ Kd5 57. Nxh5 Kd4 58. Ng3 Na5
59. Ne4 c4 60. h4 c3 61. Nxc3 Kxc3 62. h5 Kb4 63. h6 Nc6 64. h7 Ne7 65. Kg5
Kxa4 66. h8=Q 1-0

[Event "CAN-ch w"]
[Site "Toronto CAN"]
[Date "1996.08.18"]
[Round "2"]
[White "Mongeau, Diane"]
[Black "Khoudgarian, Natalia"]
[Result "0-1"]
[WhiteElo "1941"]
[BlackElo "2231"]
[PlyCount "76"]
[EventDate "1996.08.17"]
[EventType "tourn"]
[EventRounds "9"]
[EventCountry "CAN"]
[Source "ChessBase"]
[SourceDate "2000.11.22"]

1. d4 e6 2. Nf3 f5 3. d5 Nf6 4. dxe6 d5 5. Bg5 Bc5 6. e3 O-O 7. Bd3 h6 8. Bxf5
hxg5 9. Nxg5 Nc6 10. Qd3 Ne4 11. Nxe4 dxe4 12. Qxd8 Nxd8 13. Bxe4 Nxe6 14. Nd2
c6 15. Nf3 Bb6 16. c3 Nc5 17. Bc2 Be6 18. b4 Nd7 19. Bb3 Bxb3 20. axb3 a5 21.
bxa5 Bxa5 22. Kd2 Nc5 23. Kc2 Ne4 24. b4 Bb6 25. Rxa8 Rxa8 26. Kb3 Nxf2 27. Rf1
Bxe3 28. Ne5 Rf8 29. Nc4 Bg5 30. Nd6 b5 31. h3 Be7 32. Nb7 Nd3 33. Rd1 Ne5 34.
Rd2 Bf6 35. Na5 Rd8 36. Re2 Rd3 37. Rxe5 Bxe5 38. Nxc6 Rxc3+ 0-1

[Event "CAN-ch w"]
[Site "Toronto CAN"]
[Date "1996.08.18"]
[Round "2"]
[White "Walker, Erin"]
[Black "Starr (Shterenberg), Nava"]
[Result "0-1"]
[WhiteElo "1547"]
[BlackElo "2210"]
[PlyCount "116"]
[EventDate "1996.08.17"]
[EventType "tourn"]
[EventRounds "9"]
[EventCountry "CAN"]
[Source "ChessBase"]
[SourceDate "2000.11.22"]

1. e4 e5 2. Nf3 Nf6 3. Nc3 d6 4. Bc4 Be7 5. d3 O-O 6. O-O c6 7. h3 Qc7 8. Bb3
Nbd7 9. Be3 b5 10. a3 a6 11. Ba2 Bb7 12. b4 d5 13. exd5 cxd5 14. Bd2 Rac8 15.
Bb3 Rfd8 16. Qe2 h6 17. Rfe1 e4 18. Nd4 Qe5 19. Qe3 Bd6 20. f4 exf3 21. Nxf3
Qxe3+ 22. Rxe3 Bf4 23. Nd1 Bxe3+ 24. Nxe3 Nf8 25. Nf5 Ng6 26. N3d4 Rc7 27. Re1
Kf8 28. Kf2 Bc8 29. g4 Bxf5 30. Nxf5 Re8 31. Be3 Kg8 32. Bd4 Rxe1 33. Kxe1 Ne8
34. Kf2 Rd7 35. Kf3 Nf8 36. Be3 Ne6 37. Nd4 N8c7 38. Nc6 Kf8 39. Nd4 Nxd4+ 40.
Bxd4 Ne6 41. Ke3 Ke7 42. c3 Kd6 43. a4 f6 44. axb5 axb5 45. h4 Re7 46. Ba2
Nxd4+ 47. Kxd4 Re5 48. Bb3 h5 49. Bd1 hxg4 50. Bxg4 g6 51. Bf3 Rf5 52. Ke3 Re5+
53. Kd4 f5 54. h5 gxh5 55. Bxh5 f4 56. Bf3 Rg5 57. Bxd5 Rxd5+ 58. Ke4 f3 0-1

[Event "CAN-ch w"]
[Site "Toronto CAN"]
[Date "1996.08.18"]
[Round "2"]
[White "Wu, Beatrice"]
[Black "Baltgailis, Vesma"]
[Result "0-1"]
[WhiteElo "1895"]
[BlackElo "2005"]
[PlyCount "42"]
[EventDate "1996.08.17"]
[EventType "tourn"]
[EventRounds "9"]
[EventCountry "CAN"]
[Source "ChessBase"]
[SourceDate "2000.11.22"]

1. d4 Nf6 2. e3 c5 3. Bd3 b6 4. f4 Bb7 5. Nf3 g6 6. O-O Bg7 7. c3 O-O 8. Nbd2
d5 9. Ne5 Ne4 10. Qg4 Qc8 11. Qf3 f5 12. Qh3 Nd7 13. Ndf3 Nxe5 14. fxe5 h6 15.
Nh4 Qc6 16. g4 fxg4 17. Qxg4 Rxf1+ 18. Kxf1 Rf8+ 19. Nf3 Bc8 20. Qg2 Ng5 21.
Be2 Bh3 0-1

[Event "CAN-ch w"]
[Site "Toronto CAN"]
[Date "1996.08.19"]
[Round "3"]
[White "Baltgailis, Vesma"]
[Black "Mongeau, Diane"]
[Result "0-1"]
[WhiteElo "2005"]
[BlackElo "1941"]
[PlyCount "114"]
[EventDate "1996.08.17"]
[EventType "tourn"]
[EventRounds "9"]
[EventCountry "CAN"]
[Source "ChessBase"]
[SourceDate "2000.11.22"]

1. c4 c6 2. b3 d5 3. Bb2 Nf6 4. g3 Bg4 5. Bg2 Nbd7 6. Nf3 e6 7. d4 Bd6 8. O-O
Qe7 9. Nc3 O-O 10. Re1 Ba3 11. Qc1 Bxb2 12. Qxb2 Rfd8 13. cxd5 cxd5 14. Ne5 Bf5
15. Rac1 Rac8 16. b4 Ne8 17. a4 f6 18. Nxd7 Qxd7 19. e4 dxe4 20. Nxe4 Rxc1 21.
Rxc1 Qxd4 22. Qb3 Nc7 23. Nc3 Qe5 24. Bxb7 Rd2 25. Qc4 Nd5 26. Qc8+ Kf7 27.
Nxd5 exd5 28. Qc7+ Qxc7 29. Rxc7+ Kg6 30. f3 Bh3 31. Ba6 Rg2+ 32. Kh1 Rb2 33.
Rc1 Rxb4 34. Bd3+ Bf5 35. Bxf5+ Kxf5 36. Rc5 Rxa4 37. Rxd5+ Ke6 38. Rd2 a5 39.
Kg2 Ra1 40. Rb2 a4 41. Rb6+ Kd5 42. Rb7 a3 43. Rxg7 Rb1 44. Ra7 Rb2+ 45. Kh3 a2
46. g4 Kc4 47. Kg3 Kb3 48. h4 Rb1 49. Kf4 a1=Q 50. Rxa1 Rxa1 51. Kf5 Ra6 52. f4
Kc4 53. g5 fxg5 54. fxg5 Kd5 55. h5 Re6 56. g6 Re5+ 57. Kf4 h6 0-1

[Event "CAN-ch w"]
[Site "Toronto CAN"]
[Date "1996.08.19"]
[Round "3"]
[White "Charest, Johanne"]
[Black "Walker, Erin"]
[Result "1-0"]
[WhiteElo "1964"]
[BlackElo "1547"]
[PlyCount "75"]
[EventDate "1996.08.17"]
[EventType "tourn"]
[EventRounds "9"]
[EventCountry "CAN"]

1. e4 e5 2. Nf3 Nc6 3. Bc4 Nf6 4. d4 exd4 5. O-O d6 6. Nxd4 Nxd4 7. Qxd4 Be7 8.
Nc3 O-O 9. Bf4 Re8 10. Rad1 Bg4 11. f3 Bh5 12. Kh1 Bg6 13. Bb3 a6 14. Nd5 Nd7
15. Qc3 Nc5 16. e5 Ne6 17. Nxe7+ Qxe7 18. exd6 cxd6 19. Bxd6 Qg5 20. f4 Qf5 21.
Rd5 Rac8 22. Qd2 Qg4 23. f5 Bh5 24. fxe6 Rxe6 25. Bg3 Ree8 26. Rd7 Rf8 27. Rxb7
Rcd8 28. Qf4 Qxf4 29. Bxf4 Be2 30. Re1 Bb5 31. Bg5 Rd4 32. h3 Rd7 33. Rxd7 Bxd7
34. Re7 Bf5 35. Ra7 Bc8 36. Be7 Re8 37. Ba4 Rxe7 38. Rxe7 1-0

[Event "CAN-ch w"]
[Site "Toronto CAN"]
[Date "1996.08.19"]
[Round "3"]
[White "Khoudgarian, Natalia"]
[Black "Apostolov, Penka"]
[Result "1-0"]
[WhiteElo "2231"]
[BlackElo "1990"]
[PlyCount "65"]
[EventDate "1996.08.17"]
[EventType "tourn"]
[EventRounds "9"]
[EventCountry "CAN"]
[Source "ChessBase"]
[SourceDate "2000.11.22"]

1. e4 c5 2. f4 Nc6 3. Nc3 e6 4. Nf3 Nge7 5. Be2 d5 6. exd5 Nxd5 7. Nxd5 Qxd5 8.
O-O Be7 9. Kh1 O-O 10. d3 Rd8 11. Nd2 Nd4 12. Bf3 Nxf3 13. Nxf3 Bf6 14. Qe2 b6
15. Ne5 Bb7 16. b3 g6 17. Bb2 Bg7 18. Rae1 Re8 19. Rf3 Qd8 20. Rh3 Qe7 21. Kg1
Rad8 22. Ba1 Ba8 23. Bb2 Qc7 24. Qf2 Qe7 25. Ree3 f6 26. Qh4 fxe5 27. Qxh7+ Kf8
28. fxe5 Bf6 29. exf6 Qxh7 30. Rxh7 Rd4 31. Reh3 Rg4 32. Rh8+ Kf7 33. R3h7# 1-0

[Event "CAN-ch w"]
[Site "Toronto CAN"]
[Date "1996.08.19"]
[Round "3"]
[White "Starr (Shterenberg), Nava"]
[Black "Chu, Stefanie"]
[Result "1-0"]
[WhiteElo "2210"]
[BlackElo "1990"]
[PlyCount "55"]
[EventDate "1996.08.17"]
[EventType "tourn"]
[EventRounds "9"]
[EventCountry "CAN"]
[Source "ChessBase"]
[SourceDate "2000.11.22"]

1. Nf3 c5 2. g3 Nc6 3. Bg2 d5 4. d4 e6 5. O-O cxd4 6. Nxd4 Nxd4 7. Qxd4 Qf6 8.
Qa4+ Bd7 9. Qb3 Bc6 10. c4 dxc4 11. Bxc6+ bxc6 12. Qb7 Qd8 13. Qxc6+ Ke7 14.
Qxc4 Rc8 15. Qb4+ Ke8 16. Qb5+ Qd7 17. Qxd7+ Kxd7 18. Rd1+ Ke8 19. Nc3 Bc5 20.
Ne4 Ne7 21. Bf4 f6 22. Rac1 Bb4 23. a3 Rxc1 24. Rxc1 Ba5 25. Bc7 Bb6 26. Bxb6
axb6 27. Rc7 Rg8 28. Nd6+ 1-0

[Event "CAN-ch w"]
[Site "Toronto CAN"]
[Date "1996.08.19"]
[Round "3"]
[White "Vujosevic, Smilja"]
[Black "Wu, Beatrice"]
[Result "0-1"]
[WhiteElo "2065"]
[BlackElo "1895"]
[PlyCount "120"]
[EventDate "1996.08.17"]
[EventType "tourn"]
[EventRounds "9"]
[EventCountry "CAN"]
[Source "ChessBase"]
[SourceDate "2000.11.22"]

1. d4 d5 2. Nf3 Nf6 3. Bf4 e6 4. e3 c5 5. c3 Nc6 6. Bd3 Qb6 7. Qc1 Be7 8. Nbd2
O-O 9. h3 Nh5 10. Bh2 f5 11. O-O Bd7 12. dxc5 Bxc5 13. Nb3 Be7 14. c4 Nb4 15.
Be2 Rfc8 16. Qd1 Ba4 17. Nfd4 dxc4 18. Bxh5 cxb3 19. axb3 Bb5 20. Nxb5 Qxb5 21.
Be2 Qe8 22. Be5 Rd8 23. Qb1 Rd2 24. Bf3 Qb5 25. Bc3 Rd7 26. Rd1 Nd5 27. Bxd5
Rxd5 28. Qc2 a6 29. Rxd5 Qxd5 30. Rd1 Qc6 31. b4 Bxb4 32. Rd3 Rc8 33. Qd2 Bxc3
34. Rxc3 Qe8 35. Rb3 Qc6 36. Rc3 Qe8 37. Rd3 Qb5 38. Rd7 Qc6 39. Qd4 e5 40.
Qd5+ Qxd5 41. Rxd5 Rc1+ 42. Kh2 Rc2 43. Kg3 Rxb2 44. Rxe5 Rb5 45. Rxb5 axb5 46.
Kf3 Kf7 47. Ke2 Ke6 48. Kd3 Kd5 49. f3 h5 50. h4 g6 51. Kc3 Kc5 52. Kd3 b4 53.
g3 b6 54. e4 fxe4+ 55. Kxe4 b3 56. Kd3 b2 57. Kc2 Kd4 58. g4 Ke3 59. gxh5 gxh5
60. Kxb2 Kxf3 0-1

[Event "CAN-ch w"]
[Site "Toronto CAN"]
[Date "1996.08.20"]
[Round "4"]
[White "Apostolov, Penka"]
[Black "Baltgailis, Vesma"]
[Result "0-1"]
[WhiteElo "1990"]
[BlackElo "2005"]
[PlyCount "116"]
[EventDate "1996.08.17"]
[EventType "tourn"]
[EventRounds "9"]
[EventCountry "CAN"]
[Source "ChessBase"]
[SourceDate "2000.11.22"]

1. d4 Nf6 2. Nf3 g6 3. c4 c5 4. Nc3 cxd4 5. Nxd4 Nc6 6. e3 Bg7 7. Be2 O-O 8.
O-O d5 9. cxd5 Nxd5 10. Bf3 Nxc3 11. bxc3 Ne5 12. Be2 a6 13. Ba3 Qc7 14. Qb3
Bf6 15. Rac1 Bg4 16. h3 Bxe2 17. Nxe2 Nc4 18. Rc2 Rfd8 19. Bc1 Rd6 20. a4 Rad8
21. Ra2 Rd3 22. e4 g5 23. Qc2 h6 24. Ng3 Bxc3 25. Qe2 Bd4 26. Nf5 Bg7 27. Qh5
f6 28. Qg6 e5 29. Nxh6+ Kf8 30. Rc2 b5 31. axb5 axb5 32. Nf5 Qf7 33. Qxf7+ Kxf7
34. Ra2 Bf8 35. Ra7+ R8d7 36. Rxd7+ Rxd7 37. Be3 Nxe3 38. Nxe3 Rd2 39. Rc1 Rd4
40. f3 Ba3 41. Rc6 Rd6 42. Rc7+ Ke6 43. Nd5 Rxd5 44. exd5+ Kxd5 45. Kf1 Bc5 46.
Ke2 Kc4 47. Kd2 b4 48. Kc1 f5 49. Rf7 e4 50. fxe4 fxe4 51. Rb7 b3 52. g3 Bd4
53. h4 gxh4 54. gxh4 e3 55. Kd1 Kc3 56. h5 b2 57. h6 Kd3 58. Rb3+ Bc3 0-1

[Event "CAN-ch w"]
[Site "Toronto CAN"]
[Date "1996.08.20"]
[Round "4"]
[White "Chu, Stefanie"]
[Black "Charest, Johanne"]
[Result "1/2-1/2"]
[WhiteElo "1990"]
[BlackElo "1964"]
[PlyCount "59"]
[EventDate "1996.08.17"]
[EventType "tourn"]
[EventRounds "9"]
[EventCountry "CAN"]

1. e4 e5 2. Nf3 Nc6 3. d4 exd4 4. Nxd4 Bc5 5. Nb3 Bb6 6. a4 a5 7. Nc3 Nf6 8.
Bg5 d6 9. Qe2 Nd4 10. Nxd4 Bxd4 11. Qd2 Bc5 12. Nd5 Nxe4 13. Bxd8 Nxd2 14. Bh4
Nxf1 15. Nxc7+ Kd7 16. Nxa8 Kc6 17. Rxf1 Be6 18. O-O-O Rxa8 19. Rfe1 Ra6 20.
Re4 h5 21. f3 Kc7 22. Rde1 d5 23. R4e2 Rc6 24. Bf2 Bb4 25. Rd1 b6 26. Bd4 g6
27. Be5+ Kb7 28. Bd4 Bd6 29. Be5 Bb4 30. Bd4 1/2-1/2